000 00507nam a2200181Ia 4500
008 180921t1999 xxu||||| |||| 00| 0 sin d
041 _asin
080 _a59
_bSEN
100 _aSenevirathna, Chaminda
245 _aඅපට හමුවන සත්තු අංක 3
246 _aApata hamuvana saththu Anka 3
260 _bM.D.Gusasena
_aColombo
_c1999
300 _a108p., ill., 20 cm
650 _aAnimal
_aZoology
942 _cBK
999 _c15163
_d15163
003 LK-CoDNM
040 _aLK-CoDNM
_dLK-CoDNM
_eLK-CoDNM